Heat and Mass Transfer (Record no. 66652)

MARC details
000 -LEADER
fixed length control field 00470nam a22001817a 4500
020 ## - INTERNATIONAL STANDARD BOOK NUMBER
ISBN 9788131733837
082 ## - DEWEY DECIMAL CLASSIFICATION NUMBER
Classification number 621.4022 RUD
100 ## - MAIN ENTRY--AUTHOR NAME
Personal name Rudramoorthy, R.
245 ## - TITLE STATEMENT
Title Heat and Mass Transfer
250 ## - EDITION STATEMENT
Edition statement 2nd edition.
260 ## - PUBLICATION, DISTRIBUTION, ETC. (IMPRINT)
Place of publication New Delhi:
Name of publisher Pearson Education,
Year of publication 2015.
300 ## - PHYSICAL DESCRIPTION
Number of Pages 462p. ;
650 ## - SUBJECT ADDED ENTRY--TOPICAL TERM
Topical Term Mass transfer
650 ## - SUBJECT ADDED ENTRY--TOPICAL TERM
Topical Term Heat--Transmission
700 ## - ADDED ENTRY--PERSONAL NAME
Personal name Mayilsamy, K.
856 ## - ELECTRONIC LOCATION AND ACCESS
Uniform Resource Identifier http://10.10.170.122:8080/browse/book/22888
942 ## - ADDED ENTRY ELEMENTS (KOHA)
Koha item type Books
Holdings
Withdrawn status Lost status Home library Current library Date acquired Cost, normal purchase price Full call number Accession Number Koha item type
    Reference Section Reference Section 20/11/2020 1193.00 621.4022RUD (Shelf - 64D) 58521 Books
    Reference Section Reference Section 20/11/2020 1193.00 621.4022RUD (Shelf - 64D) 58522 Books